[Event "Eu Blitz Ch"]
[Site "Panormo GRE"]
[Date "2002.10.02"]
[Round "2"]
[White "Sakaev,K"]
[Black "Ruck,R"]
[Result "1/2-1/2"]
[WhiteElo "2647"]
[BlackElo "2572"]

1.d4 Nf6 2.Nf3 g6 3.c4 Bg7 4.Nc3 d5 5.cxd5 Nxd5 6.e4 Nxc3 7.bxc3 c5 8.Be3 O-O
9.Qd2 Qa5 10.Rc1 cxd4 11.cxd4 Qxd2+ 12.Kxd2 Rd8 13.Bd3 Nc6 14.d5 Nb4 15.Bc5 Nxd3
16.Kxd3 Bf8 17.Nd4 e6 18.Bxf8 Kxf8 19.Rc7 exd5 20.e5 Re8 21.f4 b6 22.Kd2 Ba6
23.Re1 Bc4 24.a3 Rec8 25.Rd7 Rd8 26.Rc7 Rdc8 27.Rd7 Rd8 28.Rh1  1/2-1/2

[Event "Eu Blitz Ch"]
[Site "Panormo GRE"]
[Date "2002.10.03"]
[Round "13"]
[White "Karjakin,Sergey"]
[Black "Sakaev,K"]
[Result "0-1"]
[WhiteElo "2527"]
[BlackElo "2647"]

1.e4 e6 2.d4 d5 3.Nc3 Nf6 4.Bg5 dxe4 5.Nxe4 Nbd7 6.Nxf6+ Nxf6 7.Nf3 h6 8.Be3 Nd5
9.Bd3 Nxe3 10.fxe3 Bd6 11.O-O O-O 12.e4 e5 13.c3 Be6 14.Kh1 c6 15.Bc2 Qe7
16.dxe5 Bc7 17.Qe1 Bc4 18.Rf2 Bxe5 19.Nxe5 Qxe5 20.Bb3 Be6 21.Qe3 a6 22.Re1 Rad8
23.Qb6 Rd7 24.Bxe6 Qxe6 25.a3 Qxe4 26.Rxe4 Rd1+ 27.Rf1 Rxf1+ 28.Qg1 Rxg1+
29.Kxg1 f5 30.Re7 Rf7 31.Re5 g5 32.Kf2 Kg7 33.Re6 Rd7 34.Ke3 f4+ 35.Ke2 a5
36.a4 Rf7 37.Kf3 Rd7 38.Ke2 h5 39.h4 gxh4 40.Re4 Kg6 41.Rxf4 Kg5 42.Re4 Rf7
43.b4 axb4 44.cxb4 Rf4 45.Re5+ Kg4 46.b5 Rxa4 47.bxc6 bxc6 48.Rc5 Kg3 49.Rg5+ Rg4
50.Rf5 Kxg2 51.Rf2+ Kh3 52.Rf3+ Rg3 53.Rf4 Kg2 54.Rxh4 Rg5 55.Ke3 Kg3 56.Rh1 Re5+
57.Kd4 Rd5+ 58.Ke3 h4 59.Rg1+ Kh2 60.Rg4 h3 61.Kf2 Rf5+ 62.Ke2 c5 63.Ke1 Rf3
64.Ke2 Rg3 65.Rf4 Kh1 66.Rf1+ Rg1 67.Rf4 Ra1 68.Kf2 Ra2+ 69.Kf1 Rc2 70.Rf3 h2
71.Re3 Rc4 72.Rf3 Rd4 73.Kf2 Rd5 74.Kf1 c4 75.Kf2 Rc5 76.Rf4 c3 77.Kg3 Kg1
78.Ra4 Rg5+ 79.Kf4 h1=Q  0-1

[Event "Eu Blitz Ch"]
[Site "Panormo GRE"]
[Date "2002.10.03"]
[Round "16"]
[White "Sakaev,K"]
[Black "Roiz,M"]
[Result "1/2-1/2"]
[WhiteElo "2647"]
[BlackElo "2512"]

1.d4 e6 2.c4 Bb4+ 3.Bd2 a5 4.Nf3 d6 5.Nc3 Nf6 6.Bg5 Nbd7 7.e3 Bxc3+ 8.bxc3 b6
9.Be2 Bb7 10.O-O h6 11.Bh4 g5 12.Bg3 Ne4 13.Qc2 f5 14.Nd2 h5 15.f3 Nxg3 16.hxg3 Qf6
17.Kf2 h4 18.gxh4 gxh4 19.Rh1 O-O-O 20.Rh3 Rdg8 21.Rah1 Qg5 22.Bf1 Nf6 23.Qd3 Kb8
24.Ke1 e5 25.d5 Bc8 26.R3h2 e4 27.Qd4 Re8 28.Kd1 f4 29.exf4 Qxf4 30.Bd3 h3
31.gxh3 Bf5 32.fxe4 Nxe4 33.Nxe4 Bxe4 34.Re2 Rh4 35.Bxe4 Rxe4 36.Qxe4 Qxe4
37.Rxe4 Rxe4 38.h4 Kc8 39.h5 Re7 40.Kd2 Kd7 41.h6 Rh7  1/2-1/2

[Event "Eu Blitz Ch"]
[Site "Panormo GRE"]
[Date "2002.10.03"]
[Round "16"]
[White "Roiz,M"]
[Black "Sakaev,K"]
[Result "0-1"]
[WhiteElo "2512"]
[BlackElo "2647"]

1.d4 Nf6 2.c4 e6 3.Nc3 Bb4 4.Bg5 c5 5.d5 h6 6.Bh4 Bxc3+ 7.bxc3 d6 8.e3 Qe7
9.Bd3 e5 10.Ne2 Nbd7 11.f3 Nf8 12.Qc2 g5 13.Bf2 e4 14.Bxe4 Nxe4 15.fxe4 Ng6
16.Bg3 h5 17.h3 h4 18.Bh2 Bd7 19.Ng1 O-O 20.Nf3 Rae8 21.e5 dxe5 22.O-O-O e4
23.Nd2 Kg7 24.Kb1 f6 25.Nb3 b6 26.Ka1 Rf7 27.Rhf1 f5 28.Nd2 Ne5 29.g3 hxg3
30.Bxg3 Nd3 31.Rg1 Kh7 32.h4 g4 33.Rdf1 f4 34.Bxf4 Nxf4 35.Rxf4 Rxf4 36.exf4 Qxh4
37.Nf1 Kg7 38.Ne3 Kf7 39.f5 g3 40.Qe2 Rg8 41.Kb2 Rg5 42.Kb3 Qh2 43.Rg2 Qh1
44.Nf1 Rxf5 45.Nxg3 Qb1+ 46.Ka3 Qc1+ 47.Kb3 a5 48.a3 Qb1+ 49.Qb2 a4+  0-1

[Event "Eu Blitz Ch"]
[Site "Panormo GRE"]
[Date "2002.10.03"]
[Round "17"]
[White "Sakaev,K"]
[Black "Golod,V"]
[Result "1/2-1/2"]
[WhiteElo "2647"]
[BlackElo "2523"]

1.d4 Nf6 2.c4 e6 3.Nf3 d5 4.Nc3 c5 5.cxd5 Nxd5 6.e4 Nxc3 7.bxc3 cxd4 8.cxd4 Bb4+
9.Bd2 Bxd2+ 10.Qxd2 O-O 11.Bc4 Nc6 12.O-O b6 13.Rad1 Bb7 14.Rfe1 Rc8 15.Bf1 Na5
16.d5 exd5 17.exd5 Rc5 18.d6 Bd5 19.Qf4 Nb7  1/2-1/2

[Event "Eu Blitz Ch"]
[Site "Panormo GRE"]
[Date "2002.10.03"]
[Round "17"]
[White "Golod,V"]
[Black "Sakaev,K"]
[Result "1/2-1/2"]
[WhiteElo "2523"]
[BlackElo "2647"]

1.d4 Nf6 2.c4 e6 3.Nc3 Bb4 4.Qc2 O-O 5.a3 Bxc3+ 6.Qxc3 Ne4 7.Qc2 f5 8.Nh3 b6
9.f3 Nf6 10.b4 Bb7 11.Nf2 d6 12.e3 Nbd7 13.Be2 Qe7 14.O-O Qf7 15.Bb2 Qg6
16.Rac1 Qh6 17.Qd2 c5 18.dxc5 dxc5 19.Rfd1 Rfe8 20.e4 Qxd2 21.Rxd2 fxe4 22.Nxe4 Bxe4
23.fxe4 e5 24.Bf3 Rac8 25.b5 Nf8 26.Rcd1 Ng6 27.g3 Kf7 28.Kf2 Ke7 29.Ke3 Red8
30.Rxd8 Rxd8 31.Rxd8 Kxd8 32.h4 h5 33.Bc3 Ke7 34.a4 Kd6 35.a5 Nf8 36.a6 Ne6
37.Kd3 Nd4 38.Bd1 g6 39.Bd2 Ne6 40.Be3  1/2-1/2

[Event "Eu Blitz Ch"]
[Site "Panormo GRE"]
[Date "2002.10.03"]
[Round "18"]
[White "Pelletier,Y"]
[Black "Sakaev,K"]
[Result "0-1"]
[WhiteElo "2587"]
[BlackElo "2647"]

1.Nf3 Nf6 2.c4 e6 3.Nc3 Bb4 4.Qb3 c5 5.g3 O-O 6.Bg2 d6 7.O-O e5 8.d3 h6 9.e3 Nc6
10.Nd5 Nxd5 11.cxd5 Ne7 12.a3 Ba5 13.Nd2 Bxd2 14.Bxd2 b6 15.Bc3 Bd7 16.f4 exf4
17.gxf4 Nf5 18.Rf3 f6 19.e4 Nh4 20.Rg3 Qe8 21.Qd1 Nxg2 22.Kxg2 c4 23.Kh1 Rf7
24.Qf3 cxd3 25.Qxd3 Qe7 26.Re1 Re8 27.Qd4 Bc8 28.Kg1 Qd8 29.a4 Kh7 30.Kf2 Qc7
31.Bb4 Rfe7 32.Rc3 Qd7 33.Rc6 Qh3 34.Kg1 Qg4+ 35.Kh1 Qf3+ 36.Kg1 Rxe4 37.Rxe4 Rxe4  0-1

[Event "IV Dos Hermanas Internet Final"]
[Site "ICC INT"]
[Date "2003.03.21"]
[Round "2.2"]
[White "Sakaev,K"]
[Black "Ivanisevic,I"]
[Result "1-0"]
[WhiteElo "2645"]
[BlackElo "2555"]

1.d4 d5 2.Nf3 Nf6 3.c4 c6 4.cxd5 cxd5 5.Nc3 Nc6 6.Bf4 a6 7.Rc1 Qb6 8.Na4 Qa5+
9.Bd2 Qd8 10.Qb3 Ne4 11.Nb6 Nxd2 12.Nxd2 Rb8 13.Nxc8 Qxc8 14.Qxd5 e6 15.Qg5 Bb4
16.Qxg7 Rf8 17.e3 Qd8 18.Rd1 Qd5 19.a3 Bxd2+ 20.Rxd2 Ke7 21.Qxh7 Rh8 22.Qc2 Kf6
23.e4 Qg5 24.f4 Qh6 25.Qc3 Kg6 26.Qg3+ Kh7 27.Bd3 Rhd8 28.d5 Nd4 29.e5+ Kh8
30.d6 Rbc8 31.O-O Rg8 32.Qe3 Nb3 33.Rc2 Na5 34.Rxc8 Rxc8 35.Rf3 Kg8 36.Rh3  1-0

[Event "5th Open"]
[Site "Dubai UAE"]
[Date "2003.04.20"]
[Round "1"]
[White "Sakaev,K"]
[Black "Eid,Fa"]
[Result "1-0"]
[WhiteElo "2664"]
[BlackElo "2431"]

1.d4 Nc6 2.Nf3 d5 3.c4 Bg4 4.cxd5 Bxf3 5.gxf3 Qxd5 6.e3 e6 7.Nc3 Qh5 8.Bd2 O-O-O
9.Rc1 Nge7 10.f4 Qxd1+ 11.Kxd1 h6 12.h4 Nd5 13.h5 Be7 14.Bg2 Rhg8 15.Ke2 Kb8
16.Nxd5 exd5 17.a3 Rge8 18.Kd3 Bf8 19.Rc2 Ne7 20.Rhc1 c6 21.Ba5 Rd6 22.Bb4 Rdd8
23.Bh3 Ng8 24.Bxf8 Rxf8 25.Rg1 Nf6 26.Rxg7 Nxh5 27.Rh7 Nf6 28.Rxh6 Ne4 29.Bg2 Nd6
30.Rc1 Rh8 31.Rch1 Rxh6 32.Rxh6 Kc7 33.Rh5 a5 34.a4 Rb8 35.Kc2 Rg8 36.Rg5 Rh8
37.b3 Rh2 38.Kd3 Kd7 39.Ke2 Rh8 40.Bf3 Rb8 41.Kd3 b5 42.axb5 Rxb5 43.Kc3 Rb4
44.Rg1 Nb5+ 45.Kc2 a4 46.bxa4 Rxa4 47.Kb3 Ra3+ 48.Kb2 Ra4 49.Be2 Nxd4 50.exd4 Rxd4
51.Kc3 Rxf4 52.f3 Kd6 53.Rh1 Rf6 54.Rh5 Ke6 55.Kd4 Kd6 56.Ke3 Re6+ 57.Kd2 Rf6
58.Rh8 c5 59.Rd8+ Kc6 60.Bd1 Rd6 61.Rf8 Rf6 62.Re8 Kb5 63.Kd3 Rf4 64.Rb8+ Kc6
65.Ke3 Rf6 66.Rd8 Re6+ 67.Kd3 Rd6 68.Rxd6+ Kxd6 69.f4 Kc6 70.Ba4+ Kd6 71.Bd1 Ke6
72.Bg4+ Kd6 73.Kc3 Kc6 74.Bh5 f6 75.Bf7 Kd6 76.Kb3 Kc6 77.Ka4 Kd6 78.Kb5 d4
79.Kc4 Ke7 80.Bd5 Kd6 81.Be4  1-0

[Event "5th Open"]
[Site "Dubai UAE"]
[Date "2003.04.25"]
[Round "6"]
[White "Goloshchapov,A"]
[Black "Sakaev,K"]
[Result "1/2-1/2"]
[WhiteElo "2558"]
[BlackElo "2664"]

1.e4 c5 2.Nf3 d6 3.d4 cxd4 4.Nxd4 Nf6 5.Nc3 a6 6.Be3 e6 7.f3 b5 8.g4 h6 9.Qd2 b4
10.Nce2 e5 11.Nf5 d5 12.g5 hxg5 13.Bxg5 Bxf5 14.exf5 Qa5 15.Bxf6 gxf6 16.O-O-O Bh6
17.f4 Nc6 18.Qxd5 Qxd5 19.Rxd5 exf4 20.Kd1 f3 21.Nd4 Ne5 22.Ke1 Bg5 23.Kf2 Bh4+
24.Ke3 Bg5+ 25.Kf2 Bh4+ 26.Ke3 f2 27.Nf3 Nxf3 28.Kxf3 Kf8 29.Rd4 a5 30.Bd3 Re8
31.Rf1 Bg5 32.Re4 Rxe4 33.Bxe4 Rxh2 34.Rxf2 Rh1 35.Bd5 Rd1 36.Ke4  1/2-1/2

[Event "5th Open"]
[Site "Dubai UAE"]
[Date "2003.04.28"]
[Round "8"]
[White "Sakaev,K"]
[Black "Anastasian,A"]
[Result "1/2-1/2"]
[WhiteElo "2664"]
[BlackElo "2561"]

1.e4 e6 2.d4 d5 3.e5 c5 4.c3 Qb6 5.Nf3 Bd7 6.Be2 cxd4 7.cxd4 Bb5 8.Nc3 Bxe2
9.Nxe2 Nc6 10.O-O Nge7 11.Rb1 Ng6 12.h4 h5 13.b4 Qd8 14.b5 Na5 15.g3 Ne7
16.Bg5 Qd7 17.Nf4 Nf5 18.Re1 Nc4 19.Qd3 Be7 20.Bxe7 Nxe7 21.a4 O-O-O 22.Qc3 Nf5
23.a5 Qe7 24.Ra1 Kb8 25.a6 b6 26.Nd3 Rc8 27.Nb4 Na5 28.Qb2 Rc4 29.Reb1 Rhc8
30.Kg2 g6 31.Ra2 Ka8  1/2-1/2

[Event "4th IECC"]
[Site "Istanbul TUR"]
[Date "2003.06.02"]
[Round "4"]
[White "Kacheishvili,G"]
[Black "Sakaev,K"]
[Result "0-1"]
[WhiteElo "2592"]
[BlackElo "2664"]

1.d4 Nf6 2.c4 g6 3.Nc3 d5 4.Bg5 Ne4 5.Bh4 Nxc3 6.bxc3 dxc4 7.e3 Bg7 8.Bxc4 O-O
9.Nf3 c5 10.O-O Nc6 11.Rb1 a6 12.a4 Na5 13.Be2 Bf5 14.Rc1 Rc8 15.Nd2 Be6
16.Rb1 Ba2 17.Ra1 Be6 18.Ne4 Bb3 19.Qe1 c4 20.Qc1 f5 21.Nd2 Qc7 22.f4 Bf6
23.Bf2 e6 24.Qb2 Qd7 25.Nxb3 cxb3 26.Rfc1 Rc6 27.Bf3 Rc4 28.Be2 Rc6 29.Bb5 Rb8
30.Bxc6 bxc6 31.c4 c5 32.Be1 Nc6 33.Ra3 cxd4 34.Rxb3 Rxb3 35.Qxb3 dxe3 36.Bc3 Nd4
37.Qd1 Qd6 38.Bxd4 Bxd4 39.Qf3 Bc5 40.Kf1 Qd3+ 41.Qe2 Qe4 42.Kg1 Qxf4 43.Rd1 Kg7
44.Rd7+ Kf6 45.Rxh7 Qxc4 46.Kf1 Qxa4 47.g3 Qe4 48.Kg1 a5 49.Rh4 Qf3 50.Qxf3 e2+
51.Kh1 e1=Q+ 52.Kg2 g5 53.Rc4 Qg1+ 54.Kh3 Bf2 55.Qc3+ Kg6 56.Qd3 Bxg3 57.Qe2 Kf6
58.Qb2+ Be5 59.Qxe5+ Kxe5 60.Re4+ Kd5 61.Re5+ Kc4  0-1

[Event "56th ch-RUS"]
[Site "Krasnoyarsk RUS"]
[Date "2003.09.10"]
[Round "7"]
[White "Sakaev,K"]
[Black "Bachin,V"]
[Result "1-0"]
[WhiteElo "2655"]
[BlackElo "2472"]

1.d4 Nf6 2.c4 c5 3.d5 e5 4.Nc3 d6 5.e4 g6 6.Be2 Bg7 7.Be3 O-O 8.h4 a6 9.g4 Nbd7
10.h5 Rb8 11.a4 Qa5 12.f3 Ne8 13.Bd3 f6 14.h6 Bh8 15.Ne2 Rf7 16.Bd2 Nf8 17.Ng3 Qd8
18.a5 b6 19.axb6 Qxb6 20.Ra2 Rfb7 21.Bc2 Qd8 22.b3 Nc7 23.Nce2 Qe7 24.Kf2 Ne8
25.Nc1 f5 26.exf5 Bf6 27.fxg6 hxg6 28.Ne4 Nh7 29.Kg2 Qf8 30.Ne2 Bd8 31.N2g3 Kh8
32.Qe2 Rxb3 33.Bxb3 Rxb3 34.Qd1 Rb8 35.Qc2 Ra8 36.Rb1 a5 37.Rba1 Ra7 38.Bxa5 Bh4
39.Be1 Rf7 40.Ra8 Bd7 41.Qe2 Ng5 42.Nxg5 Bxg5 43.Ne4 Bxh6 44.Bg3 Bf4 45.Bxf4 Rxf4
46.Rh1+ Kg8 47.Rh3 Qe7 48.Qe1 Rxe4 49.Qxe4 Qg5 50.f4 Qf6 51.fxe5 Qg5 52.e6 Qd2+
53.Kg1 Qc1+ 54.Kf2 Qd2+ 55.Kg1 Qc1+ 56.Kf2 Qd2+ 57.Qe2 Qf4+ 58.Kg2  1-0

[Event "56th ch-RUS"]
[Site "Krasnoyarsk RUS"]
[Date "2003.09.12"]
[Round "9"]
[White "Sakaev,K"]
[Black "Yakovich,Y"]
[Result "1/2-1/2"]
[WhiteElo "2655"]
[BlackElo "2573"]

1.d4 d5 2.Nf3 Nf6 3.c4 dxc4 4.Nc3 a6 5.e4 b5 6.e5 Nd5 7.a4 e6 8.axb5 Bb4
9.Qc2 Nb6 10.Qe4 Qd5 11.Qg4 axb5 12.Rxa8 Qxa8 13.Be2 Rg8 14.O-O Bxc3 15.bxc3 Nc6
16.Bd1 Nd5 17.Ng5  1/2-1/2

[Event "ECC"]
[Site "Rethymnon GRE"]
[Date "2003.10.04"]
[Round "7"]
[White "Zoler,D"]
[Black "Sakaev,K"]
[Result "0-1"]
[WhiteElo "2539"]
[BlackElo "2655"]

1.d4 d5 2.c4 c6 3.Nc3 Nf6 4.e3 a6 5.Nf3 b5 6.b3 Bf5 7.Be2 e6 8.O-O Nbd7 9.Bb2 Bd6
10.Nh4 Qb8 11.Nxf5 exf5 12.cxd5 cxd5 13.h3 O-O 14.Bd3 g6 15.Rc1 Re8 16.Qf3 Qb7
17.g4 fxg4 18.hxg4 Ne4 19.Qg2 Ndf6 20.Ne2 Qd7 21.g5 Nh5 22.f3 Neg3 23.Nxg3 Bxg3
24.e4 Bf4 25.Rce1 Qe7 26.Qg4 Qxg5 27.Qxg5 Bxg5 28.exd5 Nf4 29.Rxe8+ Rxe8
30.Bc1 Rd8 31.Bxf4 Bxf4 32.a4 Rxd5 33.axb5 axb5 34.Re1 Kf8 35.Kf2 h5 36.Ra1 b4
37.Ra7 Rxd4 38.Bc4 f5 39.Rf7+ Ke8 40.Rb7 Rd2+ 41.Ke1 Rd6 42.Ke2 h4 43.Rxb4 Ke7
44.Rb7+ Kf6 45.Rh7 Rd2+ 46.Ke1 Kg5 47.Rh8 Rb2 48.Bf7 Kf6 49.Bc4 Kg7  0-1

[Event "Bundesliga 2003-4"]
[Site "Bremer GER"]
[Date "2003.11.22"]
[Round "3"]
[White "Kasimdzhanov,R"]
[Black "Sakaev,K"]
[Result "1/2-1/2"]
[WhiteElo "2668"]
[BlackElo "2657"]

1.d4 d5 2.c4 c6 3.Nc3 Nf6 4.e3 a6 5.Nf3 b5 6.b3 Bf5 7.Bd3 e6 8.Bxf5 exf5
9.O-O Bd6 10.Qd3 g6 11.a4 dxc4 12.bxc4 b4 13.Ne2 Nbd7 14.Bb2 O-O 15.Rfd1 Qe7
16.a5 Rfe8 17.h3 h5 18.Nc1 Bc7 19.Qb3 Ne4 20.Nd3 Rab8 21.Qa4 c5 22.Nde5  1/2-1/2

[Event "3rd Amplico AIG Life Q/F"]
[Site "Warsaw POL"]
[Date "2003.12.21"]
[Round "4"]
[White "Zezulkin,J"]
[Black "Sakaev,K"]
[Result "0-1"]
[WhiteElo "2543"]
[BlackElo "2657"]

1.e4 c6 2.d4 d5 3.e5 Bf5 4.Nc3 e6 5.g4 Bg6 6.Nge2 c5 7.h4 h5 8.Nf4 Nc6 9.Nxg6 fxg6
10.dxc5 Bxc5 11.Bd3 Nxe5 12.Bb5+ Kf7 13.Bg5 Nf6 14.gxh5 Rxh5 15.Qe2 a6 16.Ba4 Bd4
17.Rh3 Rc8 18.Kf1 Bxc3 19.bxc3 Rc4 20.Qxe5 Re4 21.Qxe4 dxe4 22.Ke1 Qa5 23.Bb3 Qf5
24.Re3  0-1

[Event "Aeroflot Open"]
[Site "Moscow RUS"]
[Date "2004.02.20"]
[Round "4"]
[White "Filippov,Va"]
[Black "Sakaev,K"]
[Result "1/2-1/2"]
[WhiteElo "2609"]
[BlackElo "2656"]

1.Nf3 Nf6 2.c4 e6 3.g3 d5 4.d4 dxc4 5.Bg2 a6 6.O-O Nc6 7.e3 Bd7 8.Nc3 Nd5
9.Nd2 Nxc3 10.bxc3 b5 11.a4 Be7 12.Ba3 Bxa3 13.Rxa3 O-O 14.Ne4 Ne7 15.axb5 Bxb5
16.Nc5 Ra7 17.Qa1 c6 18.Qa2 Nd5 19.Ra1 Qe7 20.Bf1 Nb6 21.Nxa6 Rfa8 22.Qb2 g6
23.Nc5 e5 24.Rxa7 Rxa7 25.Rxa7 Qxa7 26.Qd2 Nd5 27.e4 Ne7 28.f4 exf4 29.Qxf4 Nc8
30.e5 Nb6 31.Ne4 Qe7 32.Nf6+ Kg7 33.Bg2 Nd7 34.Nxd7 Qxd7 35.h4 Qe7 36.Kh2 h6
37.Be4 Ba4 38.Kh3 Bd1 39.Qf1 Qe6+ 40.Kh2 Bg4 41.Qg2 c5 42.Bd5 Qf5 43.Bxc4 cxd4
44.cxd4 g5 45.hxg5 hxg5 46.Be2 Bxe2 47.Qxe2 f6 48.Kg2 g4 49.exf6+ Kxf6 50.Qa6+ Kg5
51.Qc6 Kh5 52.Kg1 Qb1+ 53.Kf2 Qb2+ 54.Ke3 Qa3+ 55.Kf4  1/2-1/2

[Event "57th ch-RUS Qualifier"]
[Site "St Petersburg RUS"]
[Date "2004.05.23"]
[Round "3"]
[White "Sakaev,K"]
[Black "Riazantsev,A"]
[Result "1-0"]
[WhiteElo "2665"]
[BlackElo "2556"]

1.d4 Nf6 2.c4 e6 3.Nf3 Bb4+ 4.Nbd2 b6 5.a3 Bxd2+ 6.Qxd2 Bb7 7.e3 d6 8.Be2 Nbd7
9.b4 a5 10.Bb2 axb4 11.axb4 Rxa1+ 12.Bxa1 O-O 13.O-O Qe7 14.Bb2 Ra8 15.Ra1 Qf8
16.b5 Rxa1+ 17.Bxa1 Qa8 18.Bb2 Qa4 19.Qd1 Qa2 20.Qa1 Qxa1+ 21.Bxa1 Kf8 22.Ne1 c5
23.bxc6 Bxc6 24.f3 d5 25.Kf2 dxc4 26.Bxc4 Nd5 27.e4 Nc7 28.Nc2 f5 29.Nb4 Bb5
30.Bb3 fxe4 31.fxe4 Nf6 32.Kf3 Ke7 33.Bc3 Be8 34.g4 g5 35.Bc2 h6 36.Bb2 Bb5
37.Nd3 Nd7 38.Ba3+ Kf7 39.Ke3 Bc6 40.Bb3 Bb7 41.Ba4 b5 42.Bb3 Ba8 43.h3 Bb7
44.Bb4 Ba8 45.Ba5 Ne8 46.Ne5+ Nxe5 47.dxe5 Bc6 48.Kd4 b4 49.Bxb4 Bb5 50.Bc4 Ba4
51.Be2 Bc2 52.Bf3 Bb1 53.Be1 Kg6 54.Kc5 Bd3 55.h4 gxh4 56.Bxh4 Ng7 57.Kd6 Kf7
58.Kd7 Bb5+ 59.Kd8 Bc4 60.Bf6 Ne8 61.g5 Nxf6 62.gxf6 Bb3 63.Kd7 Bc4 64.Kd6 Bb3
65.Kc5 Ba4 66.Kd4 Bb3 67.Be2 Bc2 68.Ke3 Bb3 69.Kf4 Ba2 70.Kg4 Bb3 71.Kh5 Bc2
72.Bf3 Bd3 73.Kxh6 Bb5 74.Bh5+ Kf8 75.Kg6 Bc6 76.Bf3 Be8+ 77.Kg5 Bc6 78.Kf4 Ba4
79.Ke3 Kf7 80.Kd4 Bb3 81.Be2 Bc2 82.Bd3 Bb3 83.Kc5 Bd1 84.Bc4 Bg4 85.Kd6 Bh3
86.Be2 Ke8 87.Bh5+ Kf8 88.Kd7  1-0

[Event "57th ch-RUS Qualifier"]
[Site "St Petersburg RUS"]
[Date "2004.05.27"]
[Round "6"]
[White "Yakovich,Yur"]
[Black "Sakaev,K"]
[Result "1/2-1/2"]
[WhiteElo "2596"]
[BlackElo "2665"]

1.d4 Nf6 2.c4 g6 3.Nc3 d5 4.Qb3 dxc4 5.Qxc4 Bg7 6.e4 O-O 7.Be2 Nfd7 8.Be3 Nb6
9.Qc5 f5 10.Nh3 N8d7 11.Qa3 Nf6 12.Qb3+ e6 13.exf5 gxf5 14.O-O a5 15.Rad1 a4
16.Qc2 Nfd5 17.Bg5 Qd6 18.Qc1 Bd7 19.Nf4 Bc6 20.Nh5  1/2-1/2

[Event "RUS-CHN"]
[Site "Moscow RUS"]
[Date "2004.08.16"]
[Round "6"]
[White "Zhang Zhong"]
[Black "Sakaev,K"]
[Result "1-0"]
[WhiteElo "2603"]
[BlackElo "2664"]

1.e4 c5 2.Nf3 d6 3.d4 cxd4 4.Nxd4 Nf6 5.Nc3 a6 6.Be3 e5 7.Nf3 Qc7 8.a4 Be7
9.a5 O-O 10.Be2 Nc6 11.Bb6 Qd7 12.Nd2 Nb4 13.Nc4 d5 14.exd5 Nfxd5 15.Nxd5 Nxd5
16.Bf3 Bb4+ 17.Kf1 Nxb6 18.Nxb6 Qxd1+ 19.Rxd1 Rb8 20.Rd5 Re8 21.c3 Bf8 22.Nxc8 Rbxc8
23.Be4 Rc7 24.Ke2 g6 25.Rhd1 f5 26.Bc2 Kg7 27.Ba4 Ree7 28.Bb3 e4 29.Rd8 f4
30.Rb8 Rc5 31.Rd5 Rc6 32.Rdd8 Rf6 33.Bd5 f3+ 34.gxf3 exf3+ 35.Kd3 Re2 36.Rxb7+ Kh6
37.Bxf3 Rxf2 38.Bd5 Rxh2 39.Rdd7 Kg5 40.Rxh7 Rhf2 41.Rhf7 R6f5 42.Rxf5+ gxf5
43.Bc4 Rf3+ 44.Ke2 Rh3 45.Bxa6 f4 46.Rb5+ Kh4 47.Bb7 Re3+ 48.Kf2  1-0

[Event "Russian Blitz Internet Cup Superfinal"]
[Site "chessassistantclub.com INT"]
[Date "2004.12.28"]
[Round "1"]
[White "Sakaev,K"]
[Black "Panarin,M"]
[Result "0-1"]
[WhiteElo "2669"]
[BlackElo "2482"]

1.d4 d5 2.c4 c6 3.Nf3 Nf6 4.e3 a6 5.Nc3 b5 6.b3 Bg4 7.Be2 Nbd7 8.h3 Bh5 9.O-O e6
10.Bb2 Qb8 11.Ne5 Nxe5 12.dxe5 Qxe5 13.Nxd5 Qxb2 14.Nxf6+ Qxf6 15.Bxh5 b4
16.Bf3 Rc8 17.Qc2 Qe5 18.Rad1 Bd6 19.g3 h5 20.Rd4 h4 21.Rfd1 Bb8 22.Bxc6+ Ke7
23.Rd7+ Kf6 24.Be4 hxg3 25.f4 Qc3 26.Qxc3+ bxc3 27.Kg2 Bc7 28.b4 a5 29.b5 Bb6
30.Rb7 Bxe3 31.Rdd7 Rhf8 32.Bd3 Rxc4 33.Rbc7 Rxc7 34.Rxc7 Bxf4 35.Rxc3 a4
36.b6 Rb8 37.Rc6 Be3 38.Kxg3 Rxb6 39.Rxb6 Bxb6 40.a3 Bc5 41.Bb5 Bxa3 42.Bxa4 Bd6+  0-1

[Event "Russian Blitz Internet Cup Superfinal"]
[Site "chessassistantclub.com INT"]
[Date "2004.12.28"]
[Round "5"]
[White "Kosyrev,V"]
[Black "Sakaev,K"]
[Result "0-1"]
[WhiteElo "2539"]
[BlackElo "2669"]

1.d4 Nf6 2.c4 g6 3.Nc3 d5 4.Nf3 Bg7 5.Bf4 O-O 6.e3 c5 7.dxc5 Qa5 8.Rc1 dxc4
9.Bxc4 Qxc5 10.Bb3 Nc6 11.O-O Qa5 12.h3 Bf5 13.Qe2 Ne4 14.Nd5 e5 15.Rxc6 bxc6
16.Ne7+ Kh8 17.Nxc6 Qb6 18.Ncxe5 Be6 19.Bxe6 Qxe6 20.Qc2 f5 21.Qa4 g5 22.Bh2 Qe8
23.Nc6 Rc8 24.Nfd4 f4 25.exf4 gxf4 26.Qxa7 Rxc6 27.Nxc6 Qxc6 28.Kh1 f3 29.g4 Qc4
30.Kg1 Qe2 31.Qc7 Qxb2 32.a4 Qe2 33.Be5 Nf6 34.a5 Re8 35.Bd4 Qd3 36.Ba1 Rd8
37.a6 Qxf1+  0-1

[Event "Russian Blitz Internet Cup Superfinal"]
[Site "chessassistantclub.com INT"]
[Date "2004.12.28"]
[Round "11"]
[White "Turov,M"]
[Black "Sakaev,K"]
[Result "1-0"]
[WhiteElo "2543"]
[BlackElo "2669"]

1.e4 c5 2.Nc3 d6 3.f4 g6 4.d4 cxd4 5.Qxd4 Nf6 6.e5 Nc6 7.Bb5 Nd7 8.Bxc6 bxc6
9.exd6 Nf6 10.Nf3 exd6 11.O-O Be7 12.b3 O-O 13.Bb2 c5 14.Qd2 d5 15.Rfe1 d4
16.Na4 Nd5 17.c3 Bd6 18.cxd4 Bxf4 19.Qf2 Bd7 20.dxc5 Bxa4 21.Qd4 f6 22.Qxa4 Be3+
23.Kh1 Qe8 24.Qc4 Qf7 25.Rad1 Rad8 26.Rxd5 Rxd5 27.Rxe3 Rd1+ 28.Re1 Qxc4
29.bxc4 Rxe1+ 30.Nxe1 Kf7 31.Kg1 Ke6 32.Kf2 Rc8 33.Nd3 g5 34.Ke3 h5 35.Bd4 a5
36.Bc3 a4 37.Bd4 h4 38.h3 Kf5 39.Nb4 Re8+ 40.Kd3 Rb8 41.c6 Ke6 42.c7 Rf8
43.Nd5 Kd6 44.Bxf6 Kd7 45.Be5 Kc6 46.Ne7+ Kd7 47.c8=Q+ Rxc8 48.Nxc8 Kxc8
49.Bf6 Kd7 50.Bxg5 Ke6 51.Bxh4  1-0

[Event "Russian Blitz Internet Cup Superfinal"]
[Site "chessassistantclub.com INT"]
[Date "2004.12.28"]
[Round "12"]
[White "Sakaev,K"]
[Black "Dobrov,V"]
[Result "1-0"]
[WhiteElo "2669"]
[BlackElo "2487"]

1.d4 Nf6 2.c4 c6 3.Nf3 d5 4.Nc3 e6 5.Bg5 h6 6.Bh4 dxc4 7.e4 g5 8.Bg3 b5 9.Be2 Bb7
10.h4 g4 11.Ne5 Rg8 12.Nxg4 Nbd7 13.Nxf6+ Nxf6 14.Bf3 Qb6 15.Qd2 O-O-O 16.Qf4 Nd7
17.Qxf7 Rxg3 18.fxg3 Qxd4 19.Rd1 Qe3+ 20.Be2 Qxg3+ 21.Qf2 Qg7 22.e5 Bc5 23.Qf3 Rf8
24.Qh3 Qxe5 25.Rf1 Rg8 26.Rf7 Nb6 27.Qf3 Nd5 28.Ne4 Bb4+ 29.Kf1 Rd8 30.Kg1 Qxb2
31.Kh1 Qe5 32.a3 Bd6 33.Nxd6+ Qxd6 34.Rh7 Rf8 35.Qg4 Qe5 36.Bf3 Ne3 37.Qd4 Qxd4
38.Rxd4 Nd5 39.Rxh6 c5 40.Rd1 c3 41.Rxe6 Rxf3 42.gxf3 b4 43.axb4 cxb4 44.h5 c2
45.Rc1 b3 46.h6 Kd7 47.h7 b2 48.Ree1 Nf4 49.h8=Q Bxf3+ 50.Kh2 bxc1=Q 51.Rxc1 Ne6
52.Rxc2 Bc6 53.Rd2+  1-0

[Event "Russian Blitz Internet Cup Superfinal"]
[Site "chessassistantclub.com INT"]
[Date "2004.12.28"]
[Round "19"]
[White "Adams,Mi"]
[Black "Sakaev,K"]
[Result "1-0"]
[WhiteElo "2740"]
[BlackElo "2669"]

1.e4 c5 2.Nf3 d6 3.b3 Nf6 4.Bb5+ Nbd7 5.Qe2 g6 6.e5 dxe5 7.Nxe5 Bg7 8.Bb2 O-O
9.O-O Nb6 10.Nc3 Bf5 11.d3 Nbd5 12.Nxd5 Nxd5 13.Bc4 Qd6 14.Rfe1 Rad8 15.Qf3 Be6
16.Re2 f6 17.Ng4 Bf7 18.Ne3 e5 19.Nxd5 Bxd5 20.h4 Rf7 21.Qg3 Bxc4 22.bxc4 Bh6
23.h5 Bf4 24.Qf3 Kg7 25.g3 Bh6 26.Rae1 Re8 27.Qg4 Qe6 28.Qe4 Qf5 29.Qxf5 gxf5
30.f4 Rfe7 31.fxe5 Kf7 32.Kf2 f4 33.g4 Bg5 34.Kf3 Re6 35.exf6 Re3+ 36.Rxe3 fxe3
37.Bc1 Re6 38.Bxe3 Rxf6+ 39.Kg3 Bxe3 40.Rxe3 Ra6 41.Re5 b6 42.Rd5 Rxa2 43.Rd7+ Kg8
44.h6 Rxc2 45.Rg7+ Kf8 46.Rxh7 a5 47.Ra7  1-0

[Event "ch-FRA Top 16 GpA"]
[Site "Mulhouse FRA"]
[Date "2005.02.04"]
[Round "1"]
[White "Sakaev,K"]
[Black "Adams,Mi"]
[Result "1/2-1/2"]
[WhiteElo "2677"]
[BlackElo "2741"]

1.d4 Nf6 2.c4 e6 3.Nf3 b6 4.Nc3 Bb4 5.Bg5 Bb7 6.Nd2 h6 7.Bh4 c5 8.d5 Bxc3
9.bxc3 d6 10.e4 e5 11.Bd3 g5 12.Bg3 Nbd7 13.h4 Rg8 14.Nf1 Nf8 15.Ne3 Bc8
16.Nf5 Bxf5 17.exf5 g4 18.Qd2 Rh8 19.h5 Qc7 20.Bc2 N8d7 21.Ba4 O-O-O 22.Bh4 Rdg8
23.Bxd7+ Nxd7 24.f6 Nf8 25.a4 a5 26.Rb1 Nd7 27.O-O Kb7 28.Rb2 Ka7 29.Rfb1 Rb8
30.Qe2 Rhg8 31.Qe3 Rh8 32.Qe4 Rbg8 33.Qf5 Qd8 34.Kf1 Qe8 35.Rb5 Qd8 36.R1b2 Qc7
37.R5b3 Qd8 38.Rb5 Qc7 39.Rb1 Qd8 40.R5b3 Qc7 41.R3b2 Qd8 42.Kg1 Qc7 43.Re1 Nf8
44.Re3 Qd7 45.Qb1 Qd8 46.Rg3 Kb7 47.Qf5 Qd7 48.Qb1 Qd8 49.Re2 Qd7 50.Qb5 Qc7
51.Re1 Ka7 52.Re4 Qc8 53.Qc6 Qxc6 54.dxc6 Kb8 55.Rexg4 Rxg4 56.Rxg4 Ne6 57.Rg7 Nd8
58.Rg3 Kc7 59.Rd3  1/2-1/2

[Event "Dos Hermanas Internet KO"]
[Site "ICC INT"]
[Date "2005.03.26"]
[Round "2.3"]
[White "Agamaliev,G"]
[Black "Sakaev,K"]
[Result "0-1"]
[WhiteElo "2516"]
[BlackElo "2677"]

1.d4 d5 2.Nc3 Nf6 3.Bg5 c6 4.Qd2 h6 5.Bh4 b5 6.f3 Nbd7 7.a4 b4 8.Nd1 e5 9.dxe5 Nxe5
10.Qe3 Ng4 11.Bxd8 Nxe3 12.Nxe3 Kxd8 13.O-O-O Bc5 14.Nxd5 cxd5 15.Rxd5+ Nd7
16.e4 Bb7 17.Rd1 Ke7 18.Nh3 Rhd8 19.Bd3 Ne5 20.Kb1 b3 21.f4 bxc2+ 22.Bxc2 Ng4  0-1

[Event "ch-FRA Top 16 GpA"]
[Site "Noyon FRA"]
[Date "2005.04.01"]
[Round "5"]
[White "Sakaev,K"]
[Black "Hamdouchi,H"]
[Result "1/2-1/2"]
[WhiteElo "2677"]
[BlackElo "2555"]

1.d4 e6 2.c4 c5 3.d5 exd5 4.cxd5 d6 5.Nc3 g6 6.e4 Bg7 7.Bd3 a6 8.a4 Nh6 9.h3 f5
10.Bxh6 Bxh6 11.exf5 Qe7+ 12.Kf1 O-O 13.fxg6 hxg6 14.Nf3 Bf5 15.Bxf5 Rxf5
16.g4 Rf4 17.Kg2 Nd7 18.Re1 Qf8 19.Qd3 Bg7 20.Re3 Ne5 21.Qe2 Qe7 22.Nxe5 Bxe5
23.Re4 Raf8 24.Rxf4 Rxf4 25.Rf1  1/2-1/2